[Event "GER-ch Seniors-B 20th"]
[Site "Erfurt"]
[Date "2008.08.07"]
[Round "3"]
[White "Maass, Ernst"]
[Black "Bulano, Alexander"]
[Result "1-0"]
[WhiteElo "1497"]
[BlackElo "1598"]
[PlyCount "99"]
[EventDate "2008.08.05"]
[EventType "swiss"]
[EventRounds "9"]
[EventCountry "GER"]
[SourceTitle "CBM 126 Extra"]
[Source "ChessBase"]
[SourceDate "2008.11.05"]
[SourceVersion "1"]
[SourceVersionDate "2008.11.05"]
[SourceQuality "1"]

1. c4 Nf6 2. d4 e6 3. Nc3 b6 4. Nf3 Bb4 5. Bd2 Ba6 6. e3 Bb7 7. Be2 c5 8. Nb5 Ne4 9. Bxb4 cxb4 10. Bd3 d5 11. cxd5 exd5 12. Rc1 Na6 13. a3 0-0 14. Qb3 bxa3 15. Nxa3 Nc7 16. 0-0 Qe7 17. Rc2 Rfc8 18. Rfc1 Nf6 19. Ne5 Nce8 20. Rc3 Ne4 21. Bxe4 Rxc3 22. Bxh7+ Kxh7 23. Rxc3 f6 24. Qc2+ Kg8 25. Ng6 Qd7 26. Nf4 Rc8 27. Rxc8 Bxc8 28. Nb1 Bb7 29. Nc3 f5 30. h4 Nf6 31. Ng6 a6 32. Ne5 Qc8 33. f3 b5 34. Qe2 Qd8 35. Qc2 Bc8 36. Ne2 Qe8 37. Qc5 Kh7 38. Nf4 Bb7 39. g3 Qd8 40. Kf2 Qa5 41. Qc2 b4 42. Qxf5+ Kg8 43. Qe6+ Kh7 44. Qf7 Bc8 45. Neg6 Bf5 46. Nf8+ Kh8 47. N4e6 Bxe6 48. Nxe6 Nh5 49. Qxh5+ Kg8 50. Qe8+ 1-0